000 02208cam a2200253 4500500
005 20260329010505.0
041 _afre
042 _adc
100 1 0 _aMarch Chorda, Isidre
_eauthor
700 1 0 _aYagüe Perales, Rosa M.
_eauthor
245 0 0 _aLes effets de territoire et de taille dans la performance industrielle : une application empirique à travers un modèle d'évaluation de la performance
260 _c2005.
500 _a52
520 _aRésuméCette étude essaie de décrire les divergences de performance dans les entreprises manufacturières appartenant à la même industrie et qui émergent d’une part, en raison de la localisation dans différentes régions et d’autre part, à cause des différences dans la taille des sociétés. À ce propos, on a développé un nouveau modèle d’évaluation de la performance, composé de 23 variables, qui a été appliqué sur un échantillon d’entreprises du secteur de l’éclairage en Espagne. L’application de techniques d’homogénéité non paramétrique nous conduit à déterminer les variables formant l’effet territoire et l’effet taille.
520 _aA model to assess the territory and the size effects in the industrial performanceThis study tries to delve into the divergences in performance within the same industry arising from location in different regions, on one side, and from differences in the size of the firms, in another. With that purpose, a new model for performance assessment with 23 variables is applied over a representative sample of firms pertaining to the Spanish lighting industry. Application of the non parametric homogeneity techniques serves to determine the variables shaping the so-called territory or « regional » effect and the « firms size » effect.Classification JEL : L25, L68, R12.
690 _aperformance
690 _ataille
690 _aterritoire
690 _aperformance
690 _asize
690 _aterritory
786 0 _nRevue d’Économie Régionale & Urbaine | février | 1 | 2005-02-01 | p. 57-81 | 0180-7307
856 4 1 _uhttps://shs.cairn.info/revue-d-economie-regionale-et-urbaine-2005-1-page-57?lang=fr&redirect-ssocas=7080
999 _c1852973
_d1852973